Welcome to WEB OPAC of MRSPTU Central Library

Swami Vivekananda : his human bonds (Record no. 3185)

MARC details
000 -LEADER
fixed length control field 00339nam a2200145Ia 4500
008 - FIXED-LENGTH DATA ELEMENTS--GENERAL INFORMATION
fixed length control field 230711s9999||||xx |||||||||||||| ||und||
041 ## - LANGUAGE CODE
Language code of text/sound track or separate title ENG
082 ## - DEWEY DECIMAL CLASSIFICATION NUMBER
Classification number 800
Item number GO-S
100 ## - MAIN ENTRY--PERSONAL NAME
Personal name Goyal,JB
245 #0 - TITLE STATEMENT
Title Swami Vivekananda : his human bonds
250 ## - EDITION STATEMENT
Edition statement 1st
260 ## - PUBLICATION, DISTRIBUTION, ETC.
Date of publication, distribution, etc. 1992
Place of publication, distribution, etc. Patiala
Name of publisher, distributor, etc. Falcon Books
650 ## - SUBJECT ADDED ENTRY--TOPICAL TERM
Topical term or geographic name entry element Literature
942 ## - ADDED ENTRY ELEMENTS (KOHA)
Koha item type Book
Holdings
Withdrawn status Lost status Damaged status Not for loan Collection Home library Current library Date acquired Total checkouts Full call number Barcode Date last seen Price effective from Koha item type Date due Date last checked out
          MRSPTU Central Library MRSPTU Central Library     800 GO-S 11612 08/17/2023 08/17/2023 Book    
          MRSPTU Central Library MRSPTU Central Library     800 GO-S 11613 08/17/2023 08/17/2023 Book    
          MRSPTU Central Library MRSPTU Central Library     800 GO-S 11614 08/17/2023 08/17/2023 Book    
          MRSPTU Central Library MRSPTU Central Library     800 GO-S 20483 08/17/2023 08/17/2023 Book    
          MRSPTU Central Library MRSPTU Central Library     800 GO-S 20484 08/17/2023 08/17/2023 Book    
          MRSPTU Central Library MRSPTU Central Library   1 800 GO-S 20485 03/12/2026 08/17/2023 Book 04/02/2026 03/12/2026
          MRSPTU Central Library MRSPTU Central Library     800 GO-S 20486 08/17/2023 08/17/2023 Book    
          MRSPTU Central Library MRSPTU Central Library     800 GO-S 20487 08/17/2023 08/17/2023 Book    

Website Designed and Developed by MRSPTU Central Library Team

E-mail Id: librarian@mrsptu.ac.in